00626nam a2200181 i 4500001000700000003000900007005001700016007000300033008004100036080001500077100003800092245012400130260006300254300003500317610003600352700003400388852002200422129058ES-MaACL20250907063109.0t|070605s1958 sp ||||1| spa d a266.5(460)0 aTedeschini, Federico, cCardenal10aDiscursos y cartas sobre Acción Católica Española / cFederico Tedeschini ; publicación y prólogo de J. de F. aSantiago de Compostela : b[s.n.], c1958 (fImp. Paredes) aXXI, 150 p. : bil. ; c25 cm.24aAcción Católica Española.1 aFrancisco Iglesias, Julia de.4 aES-MaACLjC-15800